000 00865nam a2200229 i 4500
001 176135
003 ES-MaACL
005 20250819055200.0
007 t|
008 101220s1968 sp ||||1| spa d
080 _a321.6
100 1 _aSchmitt, Carl.
_9104517
245 1 3 _aLa dictadura :
_bdesde los comienzos del pensamiento moderno de la soberanía hasta la lucha de clases proletaria /
_cCarl Schmitt ; traducción del alemán por José Díaz García.
260 _aMadrid :
_bRevista de Occidente,
_c[1968]
300 _a338 p. ;
_c19 cm.
490 1 _aBiblioteca de política y sociología. Serie minor ;
_v3
650 0 7 _aDictadura
_2embne
_9144385
700 1 _aDíaz García, José.
_944287
830 1 _aBiblioteca de política y sociología. Serie minor ;
_v3
_9189941
852 _aES-MaACL
_jE-13822
_xOlim P-1291
999 _c176135
_d176135